Apatosaurus / Sara Gilbert.
"An introduction to the life and era of the giant, long-necked dinosaur known as Apatosaurus, starting with the creature's 1877 discovery and ending with present-day research topics"--Provided by publisher.
Record details
- ISBN: 9781583419748
- ISBN: 1583419748
- Physical Description: 48 pages : illustrations (some color) ; 27 cm.
- Edition: 1st ed.
- Publisher: Mankato, Minn. : Creative Education, ©2011.
Content descriptions
| Bibliography, etc. Note: | Includes bibliographical references (page 47) and index. |
| Formatted Contents Note: | Big bones -- Gentle giant -- Land of plenty -- Understanding apatosaurus. |
Search for related items by subject
| Subject: | Apatosaurus (Brontosaurus) > Juvenile literature. Dinosaurs. |
Search for related items by series
Available copies
- 1 of 1 copy available at scottsboropl.
Holds
- 0 current holds with 1 total copy.
Show Only Available Copies
| Location | Call Number / Copy Notes | Barcode | Shelving Location | Status | Due Date |
|---|---|---|---|---|---|
| scottsboropl | J 567.913 Gil | 32269000986342 | Juvenile - NonFiction | Available | - |
| LDR | 01498cam a2200373 a 4500 | ||
|---|---|---|---|
| 001 | 141036 | ||
| 003 | CONS | ||
| 005 | 20160729122817.0 | ||
| 008 | 090624s2011 mnua j b 001 0 eng | ||
| 010 | . | ‡a 2009025536 | |
| 020 | . | ‡a9781583419748 ‡q(hardback) | |
| 020 | . | ‡a1583419748 ‡q(hardback) | |
| 035 | . | ‡a(CPomAG)LMN594132 | |
| 042 | . | ‡apcc | |
| 050 | 0 | 0. | ‡aQE862.S3 ‡bG538 2011 |
| 082 | 0 | 0. | ‡a567.913/8 ‡222 |
| 100 | 1 | . | ‡aGilbert, Sara. |
| 245 | 1 | 0. | ‡aApatosaurus / ‡cSara Gilbert. |
| 250 | . | ‡a1st ed. | |
| 260 | . | ‡aMankato, Minn. : ‡bCreative Education, ‡c©2011. | |
| 300 | . | ‡a48 pages : ‡billustrations (some color) ; ‡c27 cm. | |
| 336 | . | ‡atext ‡btxt ‡2rdacontent | |
| 337 | . | ‡aunmediated ‡bn ‡2rdamedia | |
| 338 | . | ‡avolume ‡bnc ‡2rdacarrier | |
| 490 | 1 | . | ‡aAge of dinosaurs |
| 504 | . | ‡aIncludes bibliographical references (page 47) and index. | |
| 505 | 0 | . | ‡aBig bones -- Gentle giant -- Land of plenty -- Understanding apatosaurus. |
| 520 | . | ‡a"An introduction to the life and era of the giant, long-necked dinosaur known as Apatosaurus, starting with the creature's 1877 discovery and ending with present-day research topics"--Provided by publisher. | |
| 650 | 0. | ‡aApatosaurus (Brontosaurus) ‡vJuvenile literature. | |
| 650 | 1. | ‡aDinosaurs. | |
| 830 | 0. | ‡aAge of dinosaurs (Mankato, Minn.) | |
| 914 | . | ‡aSCP_jd | |
| 959 | . | ‡i32269000986342 ‡lJ567.913 Gil ‡aJuvenile - NonFiction ‡tJuv Nonfiction ‡g40.00 | |
| 852 | . | ‡p32269000986342 ‡jJ567.913 Gil ‡gJuvenile - NonFiction ‡cJuv Nonfiction ‡y40.00 ‡bSBPL | |
| 901 | . | ‡a141036 ‡bUnknown ‡c141036 ‡tbiblio | |